Sports Quiz

Random Sports or NCAA Quiz

NCAA Tournament Sweet 16 Teams In The Last 18 Years Quiz Stats

 Plays Quiz Updated Jul 6, 2018

Challenge
Share
Tweet
Embed
Score 0/288 Timer 10:00
5 Plays Today
Year Team % Correct
2001Duke
98%
2002Duke
98%
2003Duke
98%
2004Duke
98%
2005Duke
98%
2006Duke
98%
2009Duke
98%
2005North Carolina
97.5%
2007North Carolina
97.5%
2008North Carolina
97.5%
2009North Carolina
97.5%
2011Duke
97.2%
2018Kansas State
97.2%
2018Loyola Chicago
97.2%
2013Duke
96.8%
2015Duke
96.8%
2016Duke
96.6%
2012North Carolina
96.4%
2016North Carolina
95.8%
2006Florida
95.6%
2007Florida
95.6%
2011Florida
95.3%
2012Florida
95.1%
2017North Carolina
95%
2018Nevada
94.9%
2011Kentucky
94.9%
2014Kentucky
94.7%
2014Florida
94.7%
2013Florida
94.7%
2012Kentucky
94.6%
2015Kentucky
94.5%
2014Michigan
94.4%
2013Michigan
94.4%
2011Kansas
94.3%
2001Kansas
94.3%
2002Kansas
94.3%
2003Kansas
94.3%
2004Kansas
94.3%
2007Kansas
94.3%
2008Kansas
94.3%
2009Kansas
94.3%
2012Kansas
94%
2001Michigan State
93.7%
2003Michigan State
93.7%
2010Duke
93.7%
2005Michigan State
93.7%
2008Michigan State
93.7%
2009Michigan State
93.7%
2013Kansas
93.7%
2002Texas
93.5%
2003Texas
93.5%
2004Texas
93.5%
2006Texas
93.5%
2008Texas
93.5%
2017Kentucky
93.5%
2012Michigan State
93.4%
2016Kansas
93.3%
2018Clemson
93.2%
2001Kentucky
93.2%
2002Kentucky
93.2%
2003Kentucky
93.2%
2005Kentucky
93.2%
2014UCLA
92.8%
2017Florida
92.7%
2017Michigan
92.5%
2015UCLA
92.5%
2017Kansas
92.5%
2015Michigan State
92.4%
2001UCLA
91.9%
2002UCLA
91.9%
2006UCLA
91.9%
2007UCLA
91.9%
2008UCLA
91.9%
2017UCLA
91.5%
2018West Virginia
91.4%
2014Michigan State
91.4%
2013Michigan State
91.4%
2015North Carolina
91.1%
2007Ohio State
90.5%
2012Ohio University
90.3%
2011North Carolina
89.7%
2010Michigan State
89.6%
2010Kentucky
89.1%
2016Oregon
88.4%
2018Kansas
88.3%
2012Ohio State
88.1%
2003Syracuse
88.1%
2004Syracuse
88.1%
2009Syracuse
88.1%
2011Ohio State
88%
2014Arizona
88%
2013Arizona
88%
2013Oregon
87.8%
2015Arizona
87.7%
2012Syracuse
87.6%
2017Oregon
87.5%
Year Team % Correct
2014Wisconsin
87.2%
2015Wisconsin
87%
2012Indiana
87%
2002Connecticut
87%
2003Connecticut
87%
2004Connecticut
87%
2006Connecticut
87%
2009Connecticut
87%
2011Arizona
86.9%
2010Ohio State
86.6%
2015Oklahoma
86.6%
2013Syracuse
86.4%
2001Arizona
86.3%
2002Arizona
86.3%
2003Arizona
86.3%
2005Arizona
86.3%
2009Arizona
86.3%
2013Indiana
86.3%
2016Wisconsin
86%
2017Arizona
86%
2016Oklahoma
85.8%
2016Syracuse
85.7%
2013Ohio State
85.3%
2002Oklahoma
85.2%
2003Oklahoma
85.2%
2009Oklahoma
85.2%
2012Wisconsin
85.1%
2016Indiana
85%
2002Indiana
84.9%
2011Wisconsin
84.9%
2011Connecticut
84.4%
2017Wisconsin
84.3%
2010Syracuse
84.2%
2014Virginia
84.2%
2005Washington
83.9%
2006Washington
83.9%
2016Virginia
83.6%
2016Villanova
83.6%
2012Louisville
82.8%
2007USC
82.6%
2001USC
82.6%
2014Louisville
82.4%
2013Louisville
82.4%
2018Syracuse
82%
2003Wisconsin
82%
2005Wisconsin
82%
2008Wisconsin
82%
2017Gonzaga
81.8%
2015Louisville
81.6%
2002Oregon
81.3%
2007Oregon
81.3%
2001Illinois
80.9%
2002Illinois
80.9%
2004Illinois
80.9%
2005Illinois
80.9%
2016Gonzaga
80.9%
2014Connecticut
80.7%
2017South Carolina
80.1%
2015Gonzaga
80.1%
2010Washington
80.1%
2011Butler
79.5%
2013Miami
78.3%
2005Louisville
78.2%
2008Louisville
78.2%
2009Louisville
78.2%
2001Georgetown
78.1%
2006Georgetown
78.1%
2007Georgetown
78.1%
2016Miami (FL)
78%
2018Kentucky
77.8%
2003Butler
77.6%
2007Butler
77.6%
2015North Carolina State
77.6%
2007Tennessee
77.4%
2008Tennessee
77.4%
2010Kansas State
77.3%
2016Maryland
77.3%
2004Alabama
76.5%
2004Oklahoma State
76.5%
2005Oklahoma State
76.5%
2002Pittsburgh
76.4%
2003Pittsburgh
76.4%
2004Pittsburgh
76.4%
2007Pittsburgh
76.4%
2014Tennessee
76.4%
2018Texas A&M
76.4%
2012North Carolina State
76.2%
2001Maryland
76.1%
2002Maryland
76.1%
2003Maryland
76.1%
2018Duke
75.8%
2009Pittsburgh
75.6%
2010Butler
75.4%
2006LSU
75.3%
2017Butler
74.7%
2014Iowa State
74.1%
Year Team % Correct
2001Gonzaga
74.1%
2006Gonzaga
74.1%
2009Gonzaga
74.1%
2018Purdue
73.9%
2005Villanova
73.9%
2006Villanova
73.9%
2008Villanova
73.9%
2009Villanova
73.9%
2016Iowa State
73.8%
2010Tennessee
73.8%
2004Georgia Tech
73.5%
2017West Virginia
73.2%
2018Florida State
73.2%
2005NC State
72.5%
2015West Virginia
71.4%
2017Purdue
71.4%
2015Utah
71.4%
2015Notre Dame
71.1%
2016Notre Dame
70.5%
2005West Virginia
70.5%
2006West Virginia
70.5%
2008West Virginia
70.5%
2005Texas Tech
70.3%
2014Baylor
70.1%
2014Stanford
70.1%
2007Texas A&M
69.7%
2006George Mason
68.5%
2017Baylor
68.4%
2018Texas Tech
68.2%
2009Purdue
68.1%
2006Memphis
68.1%
2007Memphis
68.1%
2008Memphis
68.1%
2009Memphis
68.1%
2012Baylor
68.1%
2003Notre Dame
68%
2002Missouri
67.7%
2009Missouri
67.7%
2010West Virginia
67.3%
2005Utah
66.7%
2011Florida State
66.5%
2001Stanford
66.3%
2008Stanford
66.3%
2017Xavier
65.6%
2008Washington State
65.3%
2015Wichita State
65%
2010Purdue
65%
2004Wake Forest
64.8%
2011Virginia Commonwealth University
64.3%
2007UNLV
64.2%
2013Wichita State
63.9%
2001Mississippi
63.6%
2015Xavier
62.9%
2018Villanova
62.2%
2011Marquette
61.6%
2003Marquette
61.4%
2012Cincinnati
60.8%
2012Marquette
60.7%
2010Baylor
60.5%
2006Boston College
59.7%
2012Xavier
59.1%
2013Marquette
58.8%
2001Penn State
57.4%
2011Brigham Young
57.2%
2004Xavier
56.8%
2008Xavier
56.8%
2009Xavier
56.8%
2001Cincinnati
56.5%
2010Xavier
54.4%
2004Vanderbilt
52.2%
2007Vanderbilt
52.2%
2003Auburn
51.5%
2013Florida Gulf Coast
50.8%
2001Temple
50%
2014San Diego State
49.4%
2014Dayton
47.2%
2004Saint Joseph's
45.2%
2004Nevada
40.3%
2011San Diego State
40.2%
2016Texas A & M
39.4%
2008Davidson
37.2%
2018Michigan
36.8%
2010Saint Mary's
32.9%
2006Wichita State
32.7%
2010Cornell
30.8%
2010Northern Iowa
29.5%
2008Western Kentucky
28.5%
2011Richmond
26.3%
2018Gonzaga
25.5%
2004UAB
24.6%
2002Southern Illinois
24.3%
2007Southern Illinois
24.3%
2013La Salle
23.7%
2002Kent State
20.1%
2006Bradley
19.8%
2005Wisconsin-Milwaukee
15%

You're not logged in!

Compare scores with friends on all Sporcle quizzes.
OR
Log In

You Might Also Like...

Show Comments

Extras

Top Quizzes Today


Score Distribution

Your Account Isn't Verified!

In order to create a playlist on Sporcle, you need to verify the email address you used during registration. Go to your Sporcle Settings to finish the process.

Report this User

Report this user for behavior that violates our Community Guidelines.

Details: